| 000 | 00359 a2200169 4500 | ||
|---|---|---|---|
| 001 | 73377 | ||
| 020 | _a856256033 | ||
| 040 | _cAnchieta - Colégio São Paulo | ||
| 100 | _aBarbeiro, Heródoto | ||
| 240 | 1 | 0 |
_aHistória _lpor |
| 245 | 1 | 0 | _aHistória |
| 300 | _a488 | ||
| 362 | 0 | _a2005 | |
| 440 | 1 | _aScipione | |
| 650 | 4 | _aHistória do mundo | |
| 942 | _cBK | ||
| 999 |
_c73377 _d73377 |
||